|
|
|
|
| LEADER |
04717nam a22003853i 4500 |
| 001 |
EBC5750546 |
| 003 |
MiAaPQ |
| 005 |
20240729202202.0 |
| 006 |
m o d | |
| 007 |
cr cnu|||||||| |
| 008 |
240729s2019 xx o ||||0 eng d |
| 020 |
|
|
|a 9789176850848
|q (electronic bk.)
|
| 035 |
|
|
|a (MiAaPQ)EBC5750546
|
| 035 |
|
|
|a (Au-PeEL)EBL5750546
|
| 035 |
|
|
|a (OCoLC)1097984957
|
| 040 |
|
|
|a MiAaPQ
|b eng
|e rda
|e pn
|c MiAaPQ
|d MiAaPQ
|
| 100 |
1 |
|
|a Zajdel, Joanna.
|
| 245 |
1 |
0 |
|a Interactions Between the Brain and the Immune System in Pain and Inflammation.
|
| 250 |
|
|
|a 1st ed.
|
| 264 |
|
1 |
|a Linköping :
|b Linkopings Universitet,
|c 2019.
|
| 264 |
|
4 |
|c {copy}2019.
|
| 300 |
|
|
|a 1 online resource (61 pages)
|
| 336 |
|
|
|a text
|b txt
|2 rdacontent
|
| 337 |
|
|
|a computer
|b c
|2 rdamedia
|
| 338 |
|
|
|a online resource
|b cr
|2 rdacarrier
|
| 490 |
1 |
|
|a Linköping University Medical Dissertations Series ;
|v v.1679
|
| 505 |
0 |
|
|a Intro -- Abstract -- Acknowledgments -- Contents -- List of Figures -- Abbreviations -- List of Papers -- Background -- Cytokines and prostaglandins -- Immune-to-brain signalling -- Local inflammation -- Pain pathways -- The sensory and affective components of pain -- The parabrachial-amygdaloid pathway in pain processing -- Systemic inflammation and the sickness syndrome -- Inflammation-induced anorexia -- The parabrachial-amygdaloid pathway in food intake control -- Brain-to-immune signalling -- Modulation of immune response through the autonomous nervous system -- Modulation of immune response through the HPA-axis -- Methods -- Mouse models -- Cell-type specific manipulations: Cre/loxP system -- EP3RSertCre -- Vector-based manipulations -- Chemogenetics -- Global gene deletions: CGRP-KO -- Inflammatory pain model: Formalin injections -- Assessing the affective component of pain: Conditioned Place Aversion -- Assessing the sensory component of pain: Nociceptive scoring -- Systemic inflammation model: Intraperitoneal lipopolysaccharide injections -- LPS-induced anorexia -- Conditioned Taste Avoidance -- Inflammatory challenge in presence or absence of the dam -- Ex vivo studies -- Immunofluorescence -- Quantitative Polymerase Chain Reaction (qPCR) -- Sex of animals used -- Statistical analysis -- Aim and significance -- Results and discussion -- Paper I: Prostaglandin-mediated inhibition of serotonin signaling controls the affective component of inflammatory pain -- Activation of EP3 receptors by PGE2 of neural origin influences the affective component of inflammatory pain -- The EP3 receptors mediating the affective component of inflammatory pain are located on serotonergic cells -- Inhibition of the serotonergic neurons of the dorsal raphe mediates the affective component of pain.
|
| 505 |
8 |
|
|a Paper II: Calcitonin gene related peptide is dispensable for many danger-related motivational responses -- CGRP is absent in the projections to the central amygdala in CGRP-KO mice -- CGRP signaling is not necessary for inflammation induced anorexia and conditioned taste aversion -- CGRP signaling is not necessary for pain-related behaviors -- Paper III: Acute maternal separation potentiates the gene expression and corticosterone response induced by inflammation -- Maternal separation slightly attenuates proinflammatory gene induction one hour after inflammatory challenge without affecting CORT levels -- Maternal separation potentiates proinflammatory gene induction and CORT response three hours after inflammatory challenge -- A warm and soft object attenuates some of the effects of separation stress -- Corticosterone levels correlate with IL-6, Ccl2 and hepatic IL-1 expression -- Conclusions -- Paper I: Prostaglandin-mediated inhibition of serotonin signaling controls the affective component of inflammatory pain -- Paper II: Calcitonin gene related peptide is dispensable for many danger-related motivational responses -- Paper III: Acute maternal separation potentiates the gene expression and corticosterone response induced by inflammation -- Bibliography.
|
| 588 |
|
|
|a Description based on publisher supplied metadata and other sources.
|
| 590 |
|
|
|a Electronic reproduction. Ann Arbor, Michigan : ProQuest Ebook Central, 2024. Available via World Wide Web. Access may be limited to ProQuest Ebook Central affiliated libraries.
|
| 655 |
|
4 |
|a Electronic books.
|
| 776 |
0 |
8 |
|i Print version:
|a Zajdel, Joanna
|t Interactions Between the Brain and the Immune System in Pain and Inflammation
|d Linköping : Linkopings Universitet,c2019
|
| 797 |
2 |
|
|a ProQuest (Firm)
|
| 830 |
|
0 |
|a Linköping University Medical Dissertations Series
|
| 856 |
4 |
0 |
|u https://ebookcentral.proquest.com/lib/matrademy/detail.action?docID=5750546
|z Click to View
|